A commentary on Saint Paul's epistle to the Galatians / (Record no. 6800)
[ view plain ]
| 000 -LEADER | |
|---|---|
| fixed length control field | 01124cam a2200349Ii 4500 |
| 001 - CONTROL NUMBER | |
| control field | 242184 |
| 003 - CONTROL NUMBER IDENTIFIER | |
| control field | GBCCL |
| 005 - DATE AND TIME OF LATEST TRANSACTION | |
| control field | 20241126110612.0 |
| 008 - FIXED-LENGTH DATA ELEMENTS--GENERAL INFORMATION | |
| fixed length control field | 800115r19791891miu 000 0 eng d |
| 020 ## - INTERNATIONAL STANDARD BOOK NUMBER | |
| International Standard Book Number | 0801055881 |
| 020 ## - INTERNATIONAL STANDARD BOOK NUMBER | |
| International Standard Book Number | 9780801055881 |
| 035 ## - SYSTEM CONTROL NUMBER | |
| System control number | (OCoLC)ocm05874128 |
| 035 ## - SYSTEM CONTROL NUMBER | |
| System control number | (OCoLC)5874128 |
| Canceled/invalid control number | (OCoLC)65826031 |
| 040 ## - CATALOGING SOURCE | |
| Original cataloging agency | STS |
| Language of cataloging | eng |
| Transcribing agency | STS |
| Modifying agency | OCL |
| -- | OCLCG |
| -- | AU@ |
| -- | UAB |
| -- | OCLCQ |
| -- | OCLCO |
| -- | OCLCA |
| 041 1# - | |
| -- | eng |
| -- | ger |
| 049 ## - | |
| -- | LBBK |
| 050 #4 - | |
| -- | BS2685 |
| -- | .L8 1891 |
| 055 #3 - | |
| -- | BS2685.3 |
| -- | L973 E3 1979 |
| 082 04 - DEWEY DECIMAL CLASSIFICATION NUMBER | |
| Classification number | 227.4077 |
| Edition information | 22 |
| Item number | LUT |
| 090 ## - LOCALLY ASSIGNED LC-TYPE CALL NUMBER (OCLC); LOCAL CALL NUMBER (RLIN) | |
| Classification number (OCLC) (R) ; Classification number, CALL (RLIN) (NR) | BS2685 |
| Local cutter number (OCLC) ; Book number/undivided call number, CALL (RLIN) | .L8 1979 |
| 100 1# - MAIN ENTRY--PERSONAL NAME | |
| Personal name | Luther, Martin, |
| Dates associated with a name | 1483-1546. |
| 9 (RLIN) | 3327 |
| 245 12 - TITLE STATEMENT | |
| Title | A commentary on Saint Paul's epistle to the Galatians / |
| Statement of responsibility, etc. | by Martin Luther. |
| 260 ## - PUBLICATION, DISTRIBUTION, ETC. | |
| Place of publication, distribution, etc. | Grand Rapids : |
| Name of publisher, distributor, etc. | Baker Book House, |
| Date of publication, distribution, etc. | 1979. |
| 300 ## - PHYSICAL DESCRIPTION | |
| Extent | 575 pages ; |
| Dimensions | 21 cm. |
| 336 ## - CONTENT TYPE | |
| Content type term | text |
| Content type code | txt |
| Source | rdacontent |
| 337 ## - MEDIA TYPE | |
| Media type term | unmediated |
| Media type code | n |
| Source | rdamedia |
| 338 ## - CARRIER TYPE | |
| Carrier type term | volume |
| Carrier type code | nc |
| Source | rdacarrier |
| 490 0# - SERIES STATEMENT | |
| Series statement | Giant summit books |
| 500 ## - GENERAL NOTE | |
| General note | Reprinted from the ed. issued in 1891 by John Highland of Philadelphia. |
| 630 00 - SUBJECT ADDED ENTRY--UNIFORM TITLE | |
| Uniform title | Bible. |
| Name of part/section of a work | Galatians |
| Form subdivision | Commentaries. |
| 9 (RLIN) | 9746 |
| 942 ## - ADDED ENTRY ELEMENTS (KOHA) | |
| Source of classification or shelving scheme | Dewey Decimal Classification |
| Koha item type | Reference Books |
| Withdrawn status | Lost status | Source of classification or shelving scheme | Damaged status | Not for loan | Home library | Current Library | Shelving location | Date acquired | Total checkouts | Full call number | Barcode | Date last seen | Copy number | Price effective from | Koha item type |
|---|---|---|---|---|---|---|---|---|---|---|---|---|---|---|---|
| Dewey Decimal Classification | GRACE BIBLE COLLEGE | GRACE BIBLE COLLEGE | Commentary | 2018-06-28 | 227.4077 LUT | 004139 | 2025-05-01 | c.1 | 2018-06-28 | Reference Books |